Statistics for All Islands by Largest City on the World Map

Click here to take the quiz!

General Stats

  • This quiz has been taken 2,423 times
  • The average score is 121 of 356

Answers on the Map

Answers color-coded by a green-red scale on the quiz's map according to % correct below.
 

Answer Stats

Island% Correct
-
100%
-
96%
-
94%
Tokyo
94%
London
93%
Dublin
92%
Havana
91%
Jakarta
91%
-
90%
Reykjavik
90%
Auckland
89%
Manila
88%
Sydney
88%
Taipei
84%
Kingston
82%
Kingstown
82%
Colombo
81%
Nicosia
80%
Santo Domingo
79%
Antananarivo
77%
Palermo
76%
Christchurch
75%
Nuuk
75%
Sapporo
70%
Copenhagen
68%
Hobart
66%
Singapore
65%
New York City
63%
Sao Paulo
63%
Nassau
61%
St. John's
61%
Guangzhou
59%
San Juan
58%
Victoria
55%
Cagliari
51%
Ajaccio
49%
Denpasar
49%
Dili
49%
Heraklion
49%
Honolulu
49%
Suva
49%
Cebu City
43%
Manama
38%
Medan
38%
Sao Tome
38%
Bridgetown
37%
Fukuoka
37%
Praia
37%
Apia
35%
Davao
34%
Honiara
33%
Roseau
33%
Castries
32%
Basseterre
31%
Port Vila
29%
Makassar
27%
Hong Kong
26%
Moroni
26%
Iqaluit
25%
Stanley
25%
Haikou
23%
Odense
23%
Hilo
21%
Visby
21%
Douglas
20%
George Town
20%
Noumea
19%
Charlottetown
18%
Malabo
17%
San Jose
16%
Zanzibar
16%
Jayapura
13%
Yuzhno-Sakhalinsk
13%
Kodiak
11%
Kuching
11%
Montreal
10%
Fort-de-France
9%
Kirkwall
9%
Willemstad
9%
Krk
8%
Oranjestad
8%
Puerto Princesa
8%
Batam
7%
Freeport
7%
Holyhead
7%
Sitka
7%
Stornoway
7%
Birkirkara
6%
Iloilo City
6%
Matsuyama
6%
Newport
6%
Rio Grande
6%
Cambridge Bay
5%
Chaguanas
5%
Kahului
5%
Ketchikan
5%
Kuressaare
5%
Pag
5%
Rab
5%
Unalaska
5%
Bacolod
4%
Pointe-à-Pitre
4%
Portree
4%
Resolute
4%
Bima
3%
Chalcis
3%
Grise Fiord
3%
Hvar
3%
Kardla
3%
Masbate City
3%
Mataram
3%
Mindelo
3%
Porto Novo
3%
Sachs Harbour
3%
Scarborough
3%
Tacloban City
3%
Tobermory
3%
Belushya Guba
2%
Breves
2%
Brodick
2%
Buka
2%
Calbayog
2%
Castro
2%
Charlestown
2%
Cockburn Town
2%
Coral Habour
2%
Craig
2%
Cres
2%
Gjoa Haven
2%
Kapa'a
2%
Kavieng
2%
Kimbe
2%
Korcula
2%
Lanai
2%
Marsh Harbour
2%
Maumere
2%
Nueva Gerona
2%
Oban
2%
Pangkal Pinang
2%
Porlamar
2%
Port Ellen
2%
Port-Menier
2%
Puerto Ayora
2%
Puerto Williams
2%
Qeqertarsuaq
2%
Tagbilaran
2%
Waingapu
2%
Abraham Bay
1%
Afua
1%
Aleneva
1%
Amakusa
1%
Angoon
1%
Anse-à-Galets
1%
Arthur's Town
1%
Auki
1%
Bacan
1%
Bau-Bau
1%
Bhola District
1%
Bonny
1%
Borkum
1%
Buala
1%
Buru
1%
Chongming
1%
Clarence Town
1%
Codrington
1%
Colonel Hill
1%
Craighouse
1%
Den Burg
1%
Dunwich
1%
Espargos
1%
False Pass
1%
Fomboni
1%
Geoje
1%
Governor's Harbour
1%
Grand-Bourg
1%
Hansnes
1%
Hasvik
1%
Hollum
1%
Honningsvag
1%
Hoonah
1%
Illorsuit
1%
Jordan
1%
Kake
1%
Kalabahi
1%
Karhamn
1%
Kaunakakai
1%
Kimaan
1%
Kirakira
1%
Labasa
1%
Leknes
1%
Lochboisdale
1%
Lochmaddy
1%
Luganville
1%
Masohi
1%
Matthew Town
1%
Minamiawaji
1%
Munda
1%
Mutsamudu
1%
Nicholls Town
1%
Nikolski
1%
Oost-Vlieland
1%
Port Howard
1%
Puerto Baquerizo Moreno
1%
Puerto Villamil
1%
Puna
1%
Queen Charlotte City
1%
Raha
1%
Rara/Nata
1%
Ribeira Brava
1%
Rorvik
1%
Sal Rei
1%
Sandspit
1%
Sandwip
1%
San Pascual
1%
Santo Antonio
1%
Sao Felipe
1%
Schiermonnikoog
1%
Silsand
1%
Snug Corner
1%
Sola
1%
Sortland
1%
St. George's
1%
St Margaret's Hope
1%
Supetar
1%
Tanjung Pinang
1%
The Bluff
1%
Tobelo
1%
Waiwo
1%
Wallace Bay
1%
Wete
1%
Zierikzee
1%
Abnetare
0%
Andoany
0%
Aneghowhat
0%
Betarara
0%
Bonthe
0%
Burumba
0%
Cowan Cowan
0%
Curtis Island
0%
Daruba
0%
Fraser Island
0%
Halisi
0%
Hatiya
0%
Jindo
0%
Jolap
0%
Kettletoft
0%
Lamiti
0%
Lenakel
0%
Levuka
0%
Lolowai
0%
Lyness
0%
Mainga
0%
Malevu
0%
Melsisi
0%
Nakodu
0%
Namhae
0%
Naval
0%
Norsup
0%
Nubatukan
0%
Peava
0%
Pierowall
0%
Poroporo
0%
Port Vato
0%
Ras-Hilf
0%
Ringgi
0%
Rokera
0%
Somosomo
0%
Tabi Tabi
0%
Tabwewa
0%
Tuasivi
0%
Tung Chung
0%
Ughele
0%
Vilo do Maio
0%
Vunisea
0%
West-Tershelling
0%

Score Distribution

Percentile by Number Answered

Percent of People with Each Score

Your Score History

You have not taken this quiz